Prezydenci USA w filmach i TV na zdjęciach - Statystyki

Ogólne statystyki
  • Ten quiz został rozwiązany 29 razy
  • Średni wynik to 7 z 20
Statystyki odpowiedzi
Obrazkowy Hint Odpowiedź % Poprawnych
Parker Sawyers w
Southside with You
Barack Obama
96%
Daniel Day-Lewis w
_______
Abraham Lincoln
92%
Jim Carrey wSaturday Night Live
Saturday Night Live
Joe Biden
76%
Clive Owen w
Impeachment
Bill Clinton
68%
Alec Baldwin na
Saturday Night Live
Donald Trump
68%
Anthony Hopkins w
_____
Richard Nixon
56%
Caspar Phillipson w
Jackie
John F. Kennedy
52%
Robin Williams w
Nocy w muzeum
Theodore Roosevelt
44%
Jon Voight w
Pearl Harbor
Franklin D. Roosevelt
36%
Sam Rockwell w
Vice
George W. Bush
28%
Dennis Quaid w
______
Ronald Reagan
28%
Jeff Daniels w
Przeprawie
Jerzy Waszyngton
16%
Gary Oldman w
Oppenheimerze
Harry S. Truman
12%
Paul Giamatti w
____ _____
John Adams
12%
Woody Harrelson w
____
Lyndon B. Johnson
8%
Charlton Heston w
Korsarzu
Andrew Jackson
4%
Anthony Hopkins w
Amistad
John Quincy Adams
4%
Nick Nolte w
_______ w Paryżu
Thomas Jefferson
4%
Nigel Hawthorne w
Amistad
Martin Van Buren
0%
Kevin Kline w
Bardzo dzikim zachodzie
Ulysses S. Grant
0%
Nie znaleziono quizów pasujących do podanych kryteriów
Rozkład punktacji
Procent ludzi z każdym wynikiem
Percentyl według liczby udzielonych odpowiedzi
Twoja historia wyników
Nie rozwiązałeś tego quizu